00414 2200157 4500001002100000005001500021035002000036245006000056100002600116300002500142260003300167082000800200084001400208020002200222990001200244INLIS00000000000315420251126100527 a0010-11250000151 aKumpulan Dongeng Negeri Italia /cWinkanda Satria Putra0 aWinkanda Satria Putra a90 hlm ;c19 x 23 cm aYogyakarta :bRainbow,c2017 a813 a813 WIN k a978-979-29-6118-8 a0750959